Normal view
MARC view
- Hennessy, John
Entry Personal Name
001 - CONTROL NUMBER
- control field: 4628
003 - CONTROL NUMBER IDENTIFIER
- control field: OSt
005 - DATE AND TIME OF LATEST TRANSACTION
- control field: 20170515152850.0
008 - FIXED-LENGTH DATA ELEMENTS
- fixed length control field: 170515|| aca||aabn | a|a d
040 ## - CATALOGING SOURCE
- Original cataloging agency: OSt
- Transcribing agency: OSt
100 ## - HEADING--PERSONAL NAME
- Personal name: Hennessy, John
- Titles and other words associated with a name: (Barrister-at-law)
670 ## - SOURCE DATA FOUND
- Source citation: Work cat.: (OSt): Brennan, Niamh. 4624, Forensic accounting , 2001.

PORTAL AKMAL
E-MEL JKDM
AKMAL2U
G-BAM
u-PUSTAKA